000 00767nam a2200253Ia 4500
003 OSt
005 20260325151604.0
008 220909b |||||||| |||| 00| 0 eng d
020 _a012088576X
037 _cREF
040 _aCSL
_beng
_cCSL
041 _aeng
084 _aL7:4:560aS P7.2 RR
_qCSL
245 0 _aPsychoneuroimmunology
250 _a4
260 _aAmsterdam :
_bElsevier,
_c2007.
300 _a2v, (xx, 705-1269p.)
_b: ill.
650 _a Immunology
_9859574
650 _a Psychoneuroimmunology
_91231891
650 _aMedicine
700 _aAder, Robert
_eeditor.
_91231892
942 _hL7:4:560aS P7.2 RR
_cREF
_2CC
999 _c38289
_d38289